ბათუმის შოთა რუსთაველის სახელმწიფო უნივერსიტეტის ბიბლიოთეკა

The guide to the professional conduct of solicitors / (ბიბ.ჩანაწერი № 59561)

000 -LEADER
fixed length control field 00788cam a2200217 a 4500
001 - CONTROL NUMBER
control field 12314758
005 - DATE AND TIME OF LATEST TRANSACTION
control field 20230314171922.0
008 - FIXED-LENGTH DATA ELEMENTS--GENERAL INFORMATION
fixed length control field 010209s1999 enk f fg 001 0 eng
020 ## - INTERNATIONAL STANDARD BOOK NUMBER
International Standard Book Number 1853286451x
041 ## - LANGUAGE CODE
Language code of text/sound track or separate title eng
080 ## - UNIVERSAL DECIMAL CLASSIFICATION NUMBER
Universal Decimal Classification number 174 : 347.965 T-44
245 04 - TITLE STATEMENT
Title The guide to the professional conduct of solicitors /
Statement of responsibility, etc. general editor, Nicola Taylor.
250 ## - EDITION STATEMENT
Edition statement Eighth edition
264 ## - PRODUCTION, PUBLICATION, DISTRIBUTION, MANUFACTURE, AND COPYRIGHT NOTICE
Place of production, publication, distribution, manufacture London :
Name of producer, publisher, distributor, manufacturer Law Society Publishing,
Date of production, publication, distribution, manufacture, or copyright notice 1999.
300 ## - PHYSICAL DESCRIPTION
Extent 893 p. ;
Dimensions 24 cm.
653 ## - INDEX TERM--UNCONTROLLED
keyword ადვოკატთა პროფესიული ქცევის სახელმძღვანელო
653 ## - INDEX TERM--UNCONTROLLED
keyword იურიდიული ეთიკა
653 ## - INDEX TERM--UNCONTROLLED
keyword სამართალი
700 1# - ADDED ENTRY--PERSONAL NAME
Personal name Taylor, Nicola.
Relator term ავტორი
9 (RLIN) 17211
942 ## - ADDED ENTRY ELEMENTS (KOHA)
Source of classification or shelving scheme
Koha item type წიგნი
ეგზემპლარები
Withdrawn status Lost status Source of classification or shelving scheme Damaged status Not for loan Permanent Location Current Location Shelving location Date acquired Cost, normal purchase price Full call number Barcode Date last seen Copy number Price effective from Koha item type Public note
          ბათუმის შოთა რუსთაველის სახელმწიფო უნივერსიტეტის მთავარი ბიბლიოთეკა ბათუმის შოთა რუსთაველის სახელმწიფო უნივერსიტეტის მთავარი ბიბლიოთეკა წიგნსაცავი 2023-03-14 12.00 174 : 347.965 T-44 64037 2023-03-14 64037 2023-03-14 წიგნი 12 ლ.